00511nam a22001817a 45000050016000000100014000160200023000300350013000530370013000660820010000791000018000892450067001072600043001742700047002173000020002646500023002846500022003072010080408308.0 aENG-98073 a8190774018c115.00 aEN-81606 bDBAD/PUB a547.2 aArulkumaran,R aOrganic name reactions and rearrangements /cby R Arulkumaran. aChennaibThirukkural Pathippagamc2009 a66/1 Periyar Street M G RbChennaie600078 a140pc19cm(pbk) aChemical reactions achemistry organic